000 00314nam a2200133 a 4500
008 970409s1970||||xx 0 und c
040 _aSNK
_bslo
_cSNK
_eAACR2
100 1 _aŠaling, Samo
245 1 0 _aSlovník cudzích slov
260 _aBratislava
_bSPN
_c1970
020 _c42
041 _aslo
044 _axo
_cSK
999 _c19183
_d19183